00362pab a2200121 454500008004000000100001800040245007500058260000900133300001100142362000900153650003300162773004500195180718b1984 xxu||||| |||| 00| 0 eng d aFolbre, Nancy aHousehold production in the PhilippinesbA non - neoclassical approach c1984 a303-30 aJan. aIncome, Family - Philippines aEconomic Development and Cultural Change